MARC details
| 000 -LÍDER |
| campo de controle de tamanho fixo |
01603naa a22003617a 4500 |
| 001 - NÚMERO DE CONTROLE |
| campo de controle |
BR8007282 |
| 003 - IDENTIFICADOR DO NÚMERO DE CONTROLE |
| campo de controle |
BR-BrBNA |
| 005 - DATA E HORÁRIO DA ÚLTIMA TRANSAÇÃO |
| campo de controle |
20250716093635.0 |
| 007 - CAMPO FIXO DE DESCRIÇÃO FÍSICA--INFORMAÇÃO GERAL |
| campo de controle de tamanho fixo |
ta |
| 008 - CAMPO DE DADOS FIXOS--INFORMAÇÃO GERAL |
| campo de controle de tamanho fixo |
250630b bl.|||m| |||| 00| 0 por d |
| 040 ## - FONTE DA CATALOGAÇÃO |
| Instituição da catalogação original |
BR-BrBNA |
| Idioma da catalogação |
por |
| Instituição que transcreveu o registro |
Biblioteca Nacional de Agricultura |
| 041 ## - CÓDIGO DE IDIOMA |
| Código do idioma do texto/trilha sonora ou título diferente |
(Pt) |
| 072 ## - CÓDIGO DE CATEGORIA DE ASSUNTO |
| Código de Categoria de Assunto |
F30; H20 |
| Código do objeto |
0140 |
| -- |
G514 |
| 090 ## - NÚMERO DE CHAMADA LOCAL |
| Número de chamada |
F30 BR8007282 |
| 100 1# - ENTRADA PRINCIPAL--NOME PESSOAL |
| Nome pessoal |
Floss, E.L. |
| 100 1# - ENTRADA PRINCIPAL--NOME PESSOAL |
| Nome pessoal |
Reichert, J.L. |
| 245 1# - TÍTULO |
| Título |
Ensaio preliminar de rendimento de graos de aveia em 1979 [melhoramento genetico vegetal, Avena sativa, genotipo, doenca de planta, ferrugem da folha, ferrugem do colmo, virus do nanismo amarelo da cevada, Faculdade de Agronomia de Passo Fundo, Rio Grande do Sul, Brasil] |
| 490 ## - TÍTULO DA SÉRIE |
| Título da série |
Relatorio de Pesquisa - Universidade de Passo Fundo. Faculdade de Agronomia (Brazil) |
| Número do volume ou designação sequencial da série |
v. 3 no. 3 |
| 500 ## - NOTA GERAL |
| Nota geral |
Relatorio de pesquisa. Resultados de pesquisa com aveia obtidos na Faculdade de Agronomia da Universidade de Passo Fundo em 1979<br/>Passo Fundo, RS (Brasil): 1980. p. 24-33 [3 tables; 4 ref.; Summaries (En, Pt)]<br/>(BR8007282-AMS)<br/> |
| 650 ## - ASSUNTO--TERMO TÓPICO |
| Cabeçalho tópico ou nome geográfico |
AVEIA |
| 650 ## - ASSUNTO--TERMO TÓPICO |
| Cabeçalho tópico ou nome geográfico |
GRAO |
| 650 ## - ASSUNTO--TERMO TÓPICO |
| Cabeçalho tópico ou nome geográfico |
RENDIMENTO |
| 650 ## - ASSUNTO--TERMO TÓPICO |
| Cabeçalho tópico ou nome geográfico |
GENOTIPO |
| 650 ## - ASSUNTO--TERMO TÓPICO |
| Cabeçalho tópico ou nome geográfico |
DOENCA DE PLANTA |
| 650 ## - ASSUNTO--TERMO TÓPICO |
| Cabeçalho tópico ou nome geográfico |
FERRUGEM ALARANJADA |
| 650 ## - ASSUNTO--TERMO TÓPICO |
| Cabeçalho tópico ou nome geográfico |
FERRUGEM DO COLMO |
| 650 ## - ASSUNTO--TERMO TÓPICO |
| Cabeçalho tópico ou nome geográfico |
VIRUS |
| 650 ## - ASSUNTO--TERMO TÓPICO |
| Cabeçalho tópico ou nome geográfico |
NANISMO AMARELO |
| 650 ## - ASSUNTO--TERMO TÓPICO |
| Cabeçalho tópico ou nome geográfico |
VARIEDADE |
| 773 0# - ENTRADA ANALÍTICA |
| Título |
Relatorio de pesquisa. Resultados de pesquisa com aveia obtidos na Faculdade de Agronomia da Universidade de Passo Fundo em 1979 |
| Número de controle do registro |
F30 BR8007282 |
| Partes relacionadas |
Passo Fundo, RS (Brasil), 1980. p. 24-33 |
| 942 ## - ELEMENTOS DE ENTRADA ADICIONADOS (KOHA) |
| Tipo de material Koha |
Analítica de Monografia Seriada |
| Fonte da classificação ou esquema de arquivamento na estante |
Classificação AGRIS |
| 909 ## - |
| -- |
202506 |
| -- |
Lúcia |
| -- |
55 |
| -- |
Lúcia Elande |